00825cam a2200241 i 4500999001500000001000600015003000900021005001700030008004100047020001500088040003800103082002300141100002200164245008200186250001800268264003500286300002800321504005100349650002400400700002600424942001200450952012100462 c1210d121012756BD-DhUAP20200203163536.0200203s2003 ii gb 001 0 eng  a8171180272 aBD-DhUAPbEngeBD-DhUAPcBD-DhUAP 223a340.590954 HID aHidayatullah, M. 10aMulla principles of Mahomedan law /cM. Hidayatullah and Arshad Hidayatullah. a19th edition. 1aGurgaon :bLexisNexis,cc2009. alii, 346 pages ;c23 cm aIncludes bibliographical references and index. 0aIslamic lawzIndia. aHidayatullah, Arshad  2ddccBK 00102ddc4070aUAPCLbUAPCLcGeneral Stacksd2020-03-10o340.590954 HIDp3010010374r2020-03-10t1w2020-03-10yBK